Statistics for Five Busiest Airports by Airline

Click here to take the quiz!

General Stats

  • This quiz has been taken 3,009 times
  • The average score is 19 of 29

Answer Stats

AirlineCity% Correct
British Airways, Ryanair, EmiratesLondon
97%
Delta, United Airlines, British AirwaysNew York City
96%
EmiratesDubai
93%
British AirwaysLos Angeles
92%
LufthansaFrankfurt
91%
DeltaAtlanta
86%
United AirlinesChicago
84%
LufthansaMunich
84%
LufthansaBerlin
82%
RyanairParis
82%
United AirlinesSan Francisco
77%
AirAsiaSingapore
72%
United AirlinesHouston
70%
British AirwaysMiami
69%
RyanairMadrid
67%
AirAsiaKuala Lumpur
65%
British Airways, Emirates, AirAsiaBangkok
63%
United AirlinesDenver
61%
AirAsiaJakarta
61%
RyanairBarcelona
58%
LufthansaHamburg
54%
LufthansaDüsseldorf
51%
DeltaDetroit
49%
RyanairMilan
45%
EmiratesMumbai
44%
DeltaMinneapolis
40%
DeltaSalt Lake City
29%
EmiratesKarachi
12%
AirAsiaKota Kinabalu
5%

Score Distribution

Percentile by Number Answered

Percent of People with Each Score

Your Score History

You have not taken this quiz